000 01572nam a2200229Ia 4500
003 Ost
005 20260507075654.0
008 260507s9999||||xx |||||||||||||| ||und||
040 _cfsecg
041 _aara
082 _a343.6203
100 _aابراهيم، أحمد عبد اللطيف
_eمؤلف
245 0 _aشرح التنظيم القانوني للمناقصات والمزايدات ولائحته التنفيذية /
_c أحمد عبد اللطيف ابراهيم
260 _aالقاهرة:
_bالمكتب الثقافي;دار الأسماح,
_c2004
300 _a290 صفحة؛
_bإيضاحات ؛
_c24 سم
504 _aالملاحق ص.201
520 _aالتنظيم القانوني للمناقصات والمزيدات، تنظيم أحكام عمليات المنقولات (وما حكمها)، تحديد ماهية طرق التعاقد، تنظيم أحكام عمليات شراء واستئجار العقارات، تنظيم أحكام عمليات بيع وتأجير العقارات والمشروعات غير ذات الشخصية الاعتبارية، والترخيص بالانتفاع أو باستغلال العقارات، بما في ذلك المنشآت السياحية والمقاصف، أحكام عامة للتعاقد عن عمليات شراء أو يع أو تأجير أو الانتفاع أو استغلال الأشياء الخاضعة لأحكام القانون.
653 _aالقانون التجاري
653 _aالمزايدات
653 _aالمناقصات
942 _cكتاب
999 _c45661
_d45661